000 00747nam a2200253Ia 4500
003 OSt
005 20220926030332.0
006 a|||||r|||| 00| 0
007 ta
008 220923b |||||||| |||| 00| 0 eng d
037 _cGeneral Book
040 _aRTL
_cRTL
_beng
041 _2eng
_aeng
082 _aY2.213.N6, K8
100 _aLakshminarayana H D
245 0 _aAnalysis of family patterns through a century
260 _aPoona
_bDeccan College
_c1968
300 _a168p
_ccm.
490 _aDeccan College Monograph Series. M38
500 _aBibliography: p 162-68; Appendix: p 157-61
650 _aFamily Sociology
942 _hY2.213.N6, K8
_cGB
_2CC
999 _c649374
_d649374